Регионална библиотека "Любен Каравелов" - Русе

Шепот от Сакар (Запис номер 443609)

MARC детайли
000 -Лидер
Лидер 01123nam a2200265 a 4500
003 - Код на организацията, давaща контролен номер
Код на организацията, даваща контролен номер BLK
005 - Дата и час на последна редакция
Дата и час на последна редакция 20250719154103.0
008 - Елементи от данни с фиксирана дължина
Елементи с фиксирана дължина 210902b bul|||||r ||||||| ||bul||
020 ## - Международен стандартен номер на книга ISBN
ISBN 9786197186598
040 ## - Източник на каталожния запис
Код на библиотеката BLK
041 ## - Код за език
Език Български
Език за КДБФ Български
080 ## - УДК
УДК текст Българска литература
УДК код 821.163.2
УДК – определител -32
УДК – код + определител 821.163.2-32
9 (RLIN) 227592
084 ## - Класификационен индекс по друга класификация
Авторски знак Тане - Т 29
100 ## - Редна дума - Автор
Автор Танева, Галина Йовчева
R(LIN) 470203
245 10 - Сведения за заглавието
Заглавие Шепот от Сакар
Подзаглавни данни сборник разкази
Авторска отговорност Галина Танева
260 ## - Област на издателските данни
Място на издаване Плевен
Име на издателя Еделвайс
Година на издаване 2021
9 (RLIN) 220054
300 ## - Физическа характеристика
Брой страници 148 с.
Размер 22 см
380 ## - Жанр
Жанр Худож. лит.
500 ## - Общи забележки
Обща забележка Детството, което ражда приказки / Румяна Пелова: с. 7-8<br/>Биогр. данни за авт. отбелязани на гърба на кор.<br/>Речник: с. 145-147.
700 ## - Други автори (авторска отговорност)
9 (RLIN) 322080
Друг автор Пелова, Румяна Любенова
852 ## - Местоположение
Отдел Заемна - подръчен фонд
Систематично-азбучна сигнатура 821.163.2-32/Т 29 Г
942 ## - АРТИКУЛИ
Вид на библиотечния документ Книги
Скрит в OPAC Не
Koha issues (borrowed), all copies 29
944 ## - СЪЗДАВАНЕ И РЕДАКЦИЯ на ЗАПИСА
Дата на регистрацията/редакция 2024
Служител, извършил регистрацията/редакцията 30576
Номер на служител Цветомила Тодорова
999 ## - СИСТЕМНИ КОНТРОЛНИ НОМЕРА
Koha biblionumber 443609
Koha biblioitemnumber 443609
Наличности
Код за отписване Код за изгубен артикул Източник на класификационната схема Код за повреда Коз за рестрикции Код за отдаване Артикулен № Име на библиотеката - собственик Име на библиотеката, в която се намира в момента Статус (Текущо местоположение) Дата на вписване в системата Местоположение - отдел Цена в лева Систематично азбучна сигнатура Баркод Цена в евро Служебен тип на артикула Инвентарен номер
  Не е изгубен Universal Decimal Classification Не е повреден само за читалня ползва се в читалня 870490 Регионална библиотека "Любен Каравелов" Русе Регионална библиотека "Любен Каравелов" Русе Хранилище 2022-02-10 Хранилище 12.00 Цб 310646 120000865031 6.14 Книги  
  Не е изгубен Universal Decimal Classification Не е повреден   заемане за дома 939665 Регионална библиотека "Любен Каравелов" Русе Регионална библиотека "Любен Каравелов" Русе Заемна - подръчен фонд 2024-01-22 Заемна - подръчен фонд 9.60 821.163.2-32/Т 29 Г 120000898708 4.91 Книги 120000898708
  Не е изгубен Universal Decimal Classification Не е повреден   заемане за дома 939666 Регионална библиотека "Любен Каравелов" Русе Регионална библиотека "Любен Каравелов" Русе Заемна - подръчен фонд 2024-01-22 Заемна - подръчен фонд 9.60 821.163.2-32/Т 29 Г 120000898707 4.91 Книги 120000898707
Vip Innovations Ltd, Rousse, Bulgaria 2025